[Event "9 Round Open"]
[Site "Enniscrone, Sligo, IE"]
[Date "2026.02.05"]
[Round "5"]
[White "Risteski, Emil"]
[Black "Liu, Jason"]
[Result "1-0"]
[Board "3"]
[WhiteFideId "15005267"]
[BlackFideId "2514656"]
[WhiteTitle "IM"]
[BlackTitle "FM"]
[WhiteElo "2410"]
[BlackElo "2181"]
[WhiteTeam "MKD"]
[BlackTeam "IRL"]
[WhiteClock "0:04:17"]
[BlackClock "0:01:57"]
[Variant "Standard"]

1. e4 {[%clk 1:30:14]}  e6 {[%clk 1:30:49]} 2. d4 {[%clk 1:30:39]}  d5 {[%clk 1:31:13]} 3. Nc3 {[%clk 1:31:06]}  Nf6 {[%clk 1:31:23]} 4. Bg5 {[%clk 1:31:23]}  dxe4 {[%clk 1:27:10]} 5. Nxe4 {[%clk 1:31:46]}  Be7 {[%clk 1:26:46]} 6. Nxf6+ {[%clk 1:31:57]}  Bxf6 {[%clk 1:27:11]} 7. Bxf6 {[%clk 1:32:24]}  Qxf6 {[%clk 1:27:33]} 8. Nf3 {[%clk 1:32:47]}  O-O {[%clk 1:22:23]} 9. Qd2 {[%clk 1:33:04]}  c5 {[%clk 1:21:28]} 10. O-O-O {[%clk 1:32:46]}  Rd8 {[%clk 1:21:02]} 11. Bd3 {[%clk 1:32:56]}  cxd4 {[%clk 1:12:12]} 12. Ng5 {[%clk 1:33:17]}  h6 {[%clk 1:03:54]} 13. Ne4 {[%clk 1:33:41]}  Qe7 {[%clk 1:03:05]} 14. g4 {[%clk 1:33:48]}  Qh4 {[%clk 0:51:09]} 15. Rhg1 {[%clk 1:21:58]}  Nc6 {[%clk 0:49:31]} 16. g5 {[%clk 1:13:57]}  h5 {[%clk 0:47:57]} 17. g6 {[%clk 0:54:48]}  f6 {[%clk 0:45:59]} 18. f4 {[%clk 0:55:07]}  Ne7 {[%clk 0:40:59]} 19. Rdf1 {[%clk 0:54:43]}  Nf5 {[%clk 0:32:59]} 20. Rf3 {[%clk 0:49:50]}  Bd7 {[%clk 0:27:56]} 21. Nc5 {[%clk 0:44:58]}  Bc6 {[%clk 0:26:49]} 22. Nxe6 {[%clk 0:42:36]}  Bxf3 {[%clk 0:25:18]} 23. Nxd8 {[%clk 0:42:33]}  Ne3 {[%clk 0:13:52]} 24. Ne6 {[%clk 0:41:51]}  Re8 {[%clk 0:04:40]} 25. Nxd4 {[%clk 0:35:34]}  Qxf4 {[%clk 0:04:54]} 26. Nf5 {[%clk 0:30:54]}  Bg4 {[%clk 0:03:08]} 27. Nxe3 {[%clk 0:28:26]}  Qxe3 {[%clk 0:03:32]} 28. Qxe3 {[%clk 0:28:04]}  Rxe3 {[%clk 0:04:00]} 29. Kd2 {[%clk 0:27:32]}  Re5 {[%clk 0:04:07]} 30. Re1 {[%clk 0:24:20]}  Rxe1 {[%clk 0:03:30]} 31. Kxe1 {[%clk 0:24:48]}  Kf8 {[%clk 0:03:53]} 32. Kf2 {[%clk 0:25:14]}  Ke7 {[%clk 0:04:01]} 33. Kg3 {[%clk 0:25:07]}  Ke6 {[%clk 0:03:14]} 34. Kf4 {[%clk 0:22:10]}  b6 {[%clk 0:02:29]} 35. c4 {[%clk 0:19:49]}  Bd1 {[%clk 0:02:22]} 36. b4 {[%clk 0:15:20]}  Kd6 {[%clk 0:02:24]} 37. h4 {[%clk 0:14:11]}  Bg4 {[%clk 0:02:19]} 38. Ke4 {[%clk 0:09:48]}  Kc6 {[%clk 0:01:46]} 39. Kd4 {[%clk 0:09:07]}  Be6 {[%clk 0:01:03]} 40. Be2 {[%clk 0:05:58]}  Bf5 {[%clk 0:00:51]} 41. Bxh5 {[%clk 0:06:23]}  Kd6 {[%clk 0:01:06]} 42. c5+ {[%clk 0:06:39]}  bxc5+ {[%clk 0:01:32]} 43. bxc5+ {[%clk 0:07:05]}  Kd7 {[%clk 0:01:00]} 44. a3 {[%clk 0:07:00]}  Kc7 {[%clk 0:01:06]} 45. Kd5 {[%clk 0:06:39]}  Kd7 {[%clk 0:01:15]} 46. c6+ {[%clk 0:03:55]}  Kc7 {[%clk 0:01:33]} 47. a4 {[%clk 0:04:23]}  a5 {[%clk 0:01:19]} 48. Kc5 {[%clk 0:03:44]}  Be4 {[%clk 0:00:50]} 49. Kb5 {[%clk 0:04:02]}  Bxc6+ {[%clk 0:00:54]} 50. Kxa5 {[%clk 0:04:31]}  f5 {[%clk 0:01:04]} 51. Be2 {[%clk 0:03:19]}  f4 {[%clk 0:01:31]} 52. h5 {[%clk 0:03:40]}  f3 {[%clk 0:01:51]} 53. Bf1 {[%clk 0:01:33]}  Bd7 {[%clk 0:02:02]} 54. h6 {[%clk 0:00:34]}  gxh6 {[%clk 0:02:27]} 55. g7 {[%clk 0:01:03]}  Be6 {[%clk 0:02:54]} 56. Bh3 {[%clk 0:01:01]}  Bg8 {[%clk 0:01:29]} 57. Kb4 {[%clk 0:01:19]}  f2 {[%clk 0:01:03]} 58. Kc5 {[%clk 0:01:24]}  Kb7 {[%clk 0:00:55]} 59. Bf1 {[%clk 0:01:25]}  h5 {[%clk 0:00:52]} 60. Kd4 {[%clk 0:00:34]}  Kb6 {[%clk 0:01:11]} 61. Ke3 {[%clk 0:01:01]}  Ka5 {[%clk 0:01:37]} 62. Kxf2 {[%clk 0:01:29]}  Kxa4 {[%clk 0:02:03]} 63. Kg3 {[%clk 0:01:32]}  Kb4 {[%clk 0:02:32]} 64. Kh4 {[%clk 0:01:57]}  Kc5 {[%clk 0:02:46]} 65. Kxh5 {[%clk 0:02:20]}  Kd6 {[%clk 0:03:13]} 66. Kg6 {[%clk 0:02:38]}  Ke7 {[%clk 0:03:02]} 67. Bd3 {[%clk 0:02:42]}  Ke8 {[%clk 0:00:40]} 68. Kf6 {[%clk 0:03:08]}  Kd8 {[%clk 0:01:00]} 69. Bg6 {[%clk 0:03:34]}  Kd7 {[%clk 0:01:11]} 70. Bf7 {[%clk 0:04:00]}  Bh7 {[%clk 0:01:38]} 71. Bb3 {[%clk 0:04:17]}  Ke8 {[%clk 0:01:57]} 72. Kg5 {[%clk 0:04:17]} 1-0

[Event "9 Round Open"]
[Site "Enniscrone, Sligo, IE"]
[Date "2026.02.05"]
[Round "5"]
[White "Bartczak, Korneliusz"]
[Black "Willems, Niels"]
[Result "1/2-1/2"]
[Board "4"]
[WhiteFideId "2523558"]
[BlackFideId "20695586"]
[BlackTitle "FM"]
[WhiteElo "2077"]
[BlackElo "2390"]
[WhiteTeam "IRL"]
[BlackTeam "FRA"]
[WhiteClock "0:13:52"]
[BlackClock "0:01:09"]
[Variant "Standard"]

1. e4 {[%clk 1:30:58]}  c6 {[%clk 1:29:55]} 2. d4 {[%clk 1:31:14]}  d5 {[%clk 1:30:20]} 3. Nc3 {[%clk 1:30:36]}  dxe4 {[%clk 1:30:35]} 4. Nxe4 {[%clk 1:31:01]}  Bf5 {[%clk 1:28:01]} 5. Ng3 {[%clk 1:31:21]}  Bg6 {[%clk 1:28:30]} 6. h4 {[%clk 1:31:44]}  h6 {[%clk 1:28:54]} 7. Nf3 {[%clk 1:32:11]}  Nd7 {[%clk 1:29:19]} 8. h5 {[%clk 1:32:36]}  Bh7 {[%clk 1:29:48]} 9. Bd3 {[%clk 1:33:00]}  Bxd3 {[%clk 1:30:14]} 10. Qxd3 {[%clk 1:33:27]}  e6 {[%clk 1:30:30]} 11. Bd2 {[%clk 1:33:40]}  Qc7 {[%clk 1:30:55]} 12. Ne4 {[%clk 1:33:33]}  Ngf6 {[%clk 1:29:46]} 13. O-O-O {[%clk 1:33:12]}  O-O-O {[%clk 1:29:57]} 14. g3 {[%clk 1:31:41]}  Be7 {[%clk 1:30:13]} 15. Kb1 {[%clk 1:31:43]}  c5 {[%clk 1:30:33]} 16. Bf4 {[%clk 1:23:00]}  Qc6 {[%clk 1:31:00]} 17. Nxf6 {[%clk 1:22:50]}  Bxf6 {[%clk 1:31:11]} 18. d5 {[%clk 1:19:02]}  exd5 {[%clk 1:31:08]} 19. Qxd5 {[%clk 1:19:15]}  Ne5 {[%clk 1:30:57]} 20. Qxc6+ {[%clk 1:19:13]}  Nxc6 {[%clk 1:31:24]} 21. c3 {[%clk 1:16:46]}  Rhe8 {[%clk 1:30:45]} 22. Rxd8+ {[%clk 1:16:02]}  Rxd8 {[%clk 1:30:11]} 23. Kc2 {[%clk 1:15:12]}  Rd5 {[%clk 1:15:27]} 24. g4 {[%clk 1:12:57]}  Kd7 {[%clk 1:06:52]} 25. Re1 {[%clk 1:05:54]}  b5 {[%clk 1:05:20]} 26. Re4 {[%clk 0:57:49]}  c4 {[%clk 1:02:15]} 27. a4 {[%clk 0:53:47]}  a6 {[%clk 1:01:49]} 28. axb5 {[%clk 0:53:27]}  axb5 {[%clk 1:02:16]} 29. Nd2 {[%clk 0:50:01]}  Bh4 {[%clk 0:34:57]} 30. f3 {[%clk 0:45:11]}  f5 {[%clk 0:34:53]} 31. Re2 {[%clk 0:43:00]}  Bf6 {[%clk 0:34:56]} 32. Nf1 {[%clk 0:39:27]}  fxg4 {[%clk 0:30:43]} 33. fxg4 {[%clk 0:39:22]}  Ne5 {[%clk 0:29:01]} 34. Bxe5 {[%clk 0:37:43]}  Rxe5 {[%clk 0:26:40]} 35. Rxe5 {[%clk 0:31:23]}  Bxe5 {[%clk 0:27:09]} 36. b3 {[%clk 0:31:12]}  cxb3+ {[%clk 0:23:52]} 37. Kxb3 {[%clk 0:31:35]}  Bf4 {[%clk 0:18:14]} 38. c4 {[%clk 0:30:20]}  Ke6 {[%clk 0:15:21]} 39. cxb5 {[%clk 0:29:33]}  Kf6 {[%clk 0:15:32]} 40. Kc4 {[%clk 0:29:01]}  Kg5 {[%clk 0:15:54]} 41. Kd5 {[%clk 0:28:42]}  Kxg4 {[%clk 0:16:09]} 42. Ke4 {[%clk 0:27:51]}  Bc7 {[%clk 0:12:57]} 43. Ne3 {[%clk 0:25:34]}  Kxh5 {[%clk 0:13:17]} 44. Nd5 {[%clk 0:24:29]}  Bb8 {[%clk 0:09:47]} 45. b6 {[%clk 0:20:41]}  Kg4 {[%clk 0:05:22]} 46. Ne3 {[%clk 0:15:44]}  Kh5 {[%clk 0:05:07]} 47. Kf5 {[%clk 0:12:13]}  g6+ {[%clk 0:04:44]} 48. Kf6 {[%clk 0:12:30]}  g5 {[%clk 0:04:47]} 49. Kg7 {[%clk 0:12:07]}  Be5+ {[%clk 0:01:08]} 50. Kh7 {[%clk 0:12:34]}  Bf4 {[%clk 0:00:55]} 51. b7 {[%clk 0:12:59]}  Be5 {[%clk 0:01:00]} 52. Nc4 {[%clk 0:13:08]}  Bf4 {[%clk 0:01:08]} 53. Ne3 {[%clk 0:13:36]}  Bb8 {[%clk 0:01:03]} 54. Kg7 {[%clk 0:13:52]}  Bf4 {[%clk 0:01:09]} 1/2-1/2

[Event "9 Round Open"]
[Site "Enniscrone, Sligo, IE"]
[Date "2026.02.05"]
[Round "5"]
[White "Halvorsen, Benjamin"]
[Black "Rakhmangulov, Andrei"]
[Result "0-1"]
[Board "5"]
[WhiteFideId "1516604"]
[BlackFideId "14101467"]
[BlackTitle "IM"]
[WhiteElo "2007"]
[BlackElo "2262"]
[WhiteTeam "NOR"]
[BlackTeam "UKR"]
[WhiteClock "0:01:00"]
[BlackClock "0:04:09"]
[Variant "Standard"]

1. e4 {[%clk 1:30:55]}  d6 {[%clk 1:26:03]} 2. d4 {[%clk 1:30:52]}  Nf6 {[%clk 1:26:17]} 3. Nc3 {[%clk 1:31:05]}  g6 {[%clk 1:26:33]} 4. f4 {[%clk 1:31:02]}  Bg7 {[%clk 1:26:46]} 5. Qd2 {[%clk 1:31:13]}  c6 {[%clk 1:24:00]} 6. Nf3 {[%clk 1:29:41]}  b5 {[%clk 1:23:11]} 7. e5 {[%clk 1:28:49]}  b4 {[%clk 1:22:27]} 8. Nd1 {[%clk 1:29:08]}  Nd5 {[%clk 1:22:49]} 9. a3 {[%clk 1:21:10]}  a5 {[%clk 1:16:08]} 10. Bc4 {[%clk 1:15:18]}  Na6 {[%clk 1:05:21]} 11. Qf2 {[%clk 1:05:03]}  Nac7 {[%clk 0:59:42]} 12. Bd2 {[%clk 0:57:42]}  Ba6 {[%clk 0:57:58]} 13. b3 {[%clk 0:49:25]}  Qc8 {[%clk 0:50:01]} 14. O-O {[%clk 0:46:47]}  O-O {[%clk 0:49:53]} 15. Ng5 {[%clk 0:40:38]}  Qf5 {[%clk 0:47:27]} 16. Ne3 {[%clk 0:34:29]}  Nxe3 {[%clk 0:46:30]} 17. Bxe3 {[%clk 0:34:50]}  Bxc4 {[%clk 0:37:18]} 18. bxc4 {[%clk 0:35:12]}  dxe5 {[%clk 0:34:21]} 19. fxe5 {[%clk 0:28:03]}  Qxf2+ {[%clk 0:34:19]} 20. Rxf2 {[%clk 0:27:19]}  c5 {[%clk 0:34:31]} 21. axb4 {[%clk 0:25:55]}  axb4 {[%clk 0:21:39]} 22. Rxa8 {[%clk 0:25:19]}  Nxa8 {[%clk 0:17:09]} 23. d5 {[%clk 0:20:43]}  Bxe5 {[%clk 0:17:16]} 24. Bxc5 {[%clk 0:14:49]}  Rc8 {[%clk 0:15:50]} 25. Nf3 {[%clk 0:09:03]}  Bd6 {[%clk 0:14:04]} 26. Bxd6 {[%clk 0:09:06]}  exd6 {[%clk 0:14:33]} 27. Nd2 {[%clk 0:09:10]}  Nb6 {[%clk 0:14:36]} 28. Rf4 {[%clk 0:07:39]}  Kg7 {[%clk 0:13:44]} 29. Kf2 {[%clk 0:06:54]}  f5 {[%clk 0:13:10]} 30. Ke3 {[%clk 0:05:30]}  Re8+ {[%clk 0:10:48]} 31. Kd3 {[%clk 0:04:56]}  Kf6 {[%clk 0:09:23]} 32. Rf2 {[%clk 0:04:50]}  Na4 {[%clk 0:09:34]} 33. Kd4 {[%clk 0:01:06]}  h5 {[%clk 0:09:49]} 34. h4 {[%clk 0:00:50]}  Re1 {[%clk 0:09:50]} 35. Kd3 {[%clk 0:00:38]}  Nc5+ {[%clk 0:07:25]} 36. Kd4 {[%clk 0:00:59]}  Rh1 {[%clk 0:07:25]} 37. Nf3 {[%clk 0:00:50]}  Ne4 {[%clk 0:06:43]} 38. Re2 {[%clk 0:01:06]}  Rd1+ {[%clk 0:06:32]} 39. Ke3 {[%clk 0:01:35]}  Ra1 {[%clk 0:05:13]} 40. Nd2 {[%clk 0:00:44]}  Nc3 {[%clk 0:04:42]} 41. Nb3 {[%clk 0:00:38]}  Rh1 {[%clk 0:04:33]} 42. Rd2 {[%clk 0:01:29]}  Ke5 {[%clk 0:03:29]} 43. g3 {[%clk 0:01:08]}  Ne4 {[%clk 0:03:37]} 44. Rg2 {[%clk 0:01:10]}  Nxg3 {[%clk 0:03:47]} 45. Kf3 {[%clk 0:00:42]}  f4 {[%clk 0:04:05]} 46. Rd2 {[%clk 0:00:32]}  Ne4 {[%clk 0:03:58]} 47. Rg2 {[%clk 0:00:31]}  Rh3+ {[%clk 0:04:10]} 48. Ke2 {[%clk 0:01:00]}  f3+ {[%clk 0:04:09]} 0-1

[Event "9 Round Open"]
[Site "Enniscrone, Sligo, IE"]
[Date "2026.02.05"]
[Round "5"]
[White "Woods, Yannick"]
[Black "Ivanov, Andrey A."]
[Result "1-0"]
[Board "6"]
[WhiteFideId "2518384"]
[BlackFideId "2514311"]
[BlackTitle "CM"]
[WhiteElo "1971"]
[BlackElo "2093"]
[WhiteTeam "IRL"]
[BlackTeam "IRL"]
[WhiteClock "0:15:08"]
[BlackClock "0:01:27"]
[Variant "Standard"]

1. Nf3 {[%clk 1:30:54]}  Nf6 {[%clk 1:30:55]} 2. c4 {[%clk 1:31:20]}  c5 {[%clk 1:31:00]} 3. Nc3 {[%clk 1:31:44]}  Nc6 {[%clk 1:31:27]} 4. e3 {[%clk 1:32:09]}  g6 {[%clk 1:28:30]} 5. b3 {[%clk 1:30:21]}  Bg7 {[%clk 1:28:38]} 6. Bb2 {[%clk 1:30:38]}  O-O {[%clk 1:28:55]} 7. Be2 {[%clk 1:23:39]}  b6 {[%clk 1:17:30]} 8. O-O {[%clk 1:16:36]}  Bb7 {[%clk 1:17:29]} 9. d4 {[%clk 1:02:52]}  cxd4 {[%clk 1:16:07]} 10. Nxd4 {[%clk 0:57:32]}  Nxd4 {[%clk 1:11:45]} 11. Qxd4 {[%clk 0:57:43]}  Rc8 {[%clk 0:58:46]} 12. Qh4 {[%clk 0:33:41]}  d6 {[%clk 0:49:24]} 13. Rfd1 {[%clk 0:24:52]}  Nd7 {[%clk 0:39:35]} 14. Rac1 {[%clk 0:23:07]}  f5 {[%clk 0:39:12]} 15. Na4 {[%clk 0:20:15]}  Nf6 {[%clk 0:36:29]} 16. c5 {[%clk 0:19:44]}  bxc5 {[%clk 0:35:53]} 17. Nxc5 {[%clk 0:19:55]}  Rxc5 {[%clk 0:36:18]} 18. Rxc5 {[%clk 0:20:11]}  Qa8 {[%clk 0:36:44]} 19. Rc7 {[%clk 0:16:17]}  e6 {[%clk 0:00:36]} 20. Rxd6 {[%clk 0:14:42]}  Rd8 {[%clk 0:00:33]} 21. Rxg7+ {[%clk 0:14:58]}  Kxg7 {[%clk 0:01:00]} 22. Qxf6+ {[%clk 0:15:16]}  Kh6 {[%clk 0:01:27]} 23. Qh4# {[%clk 0:15:08]} 1-0

[Event "9 Round Open"]
[Site "Enniscrone, Sligo, IE"]
[Date "2026.02.05"]
[Round "5"]
[White "Gulljord, Birk"]
[Black "Ribeiro, Gustavo"]
[Result "0-1"]
[Board "7"]
[WhiteFideId "1542753"]
[BlackFideId "1941852"]
[BlackTitle "FM"]
[WhiteElo "1923"]
[BlackElo "2276"]
[WhiteTeam "NOR"]
[BlackTeam "POR"]
[WhiteClock "0:00:31"]
[BlackClock "1:01:34"]
[Variant "Standard"]

1. d4 {[%clk 1:30:56]}  Nf6 {[%clk 1:30:51]} 2. c4 {[%clk 1:31:11]}  e6 {[%clk 1:31:14]} 3. Nf3 {[%clk 1:31:31]}  d5 {[%clk 1:31:29]} 4. g3 {[%clk 1:31:43]}  Be7 {[%clk 1:31:49]} 5. Bg2 {[%clk 1:31:57]}  Ne4 {[%clk 1:32:11]} 6. O-O {[%clk 1:30:31]}  f5 {[%clk 1:32:37]} 7. Nc3 {[%clk 1:28:29]}  Nd7 {[%clk 1:31:58]} 8. cxd5 {[%clk 1:25:22]}  Nxc3 {[%clk 1:32:22]} 9. bxc3 {[%clk 1:25:43]}  exd5 {[%clk 1:32:50]} 10. Qb3 {[%clk 1:18:10]}  Nb6 {[%clk 1:27:07]} 11. Ne5 {[%clk 1:13:22]}  O-O {[%clk 1:25:32]} 12. a4 {[%clk 1:03:35]}  a5 {[%clk 1:24:06]} 13. e4 {[%clk 0:57:59]}  fxe4 {[%clk 1:21:05]} 14. Bxe4 {[%clk 0:58:17]}  Bf5 {[%clk 1:20:57]} 15. Bg2 {[%clk 0:55:17]}  h6 {[%clk 1:12:32]} 16. g4 {[%clk 0:50:31]}  Bh7 {[%clk 1:12:26]} 17. f4 {[%clk 0:47:42]}  Ra6 {[%clk 1:09:20]} 18. f5 {[%clk 0:43:44]}  h5 {[%clk 1:09:36]} 19. h3 {[%clk 0:43:55]}  c6 {[%clk 1:08:56]} 20. Rb1 {[%clk 0:33:30]}  Bg5 {[%clk 1:06:54]} 21. Bxg5 {[%clk 0:25:06]}  Qxg5 {[%clk 1:07:11]} 22. c4 {[%clk 0:25:02]}  hxg4 {[%clk 1:06:34]} 23. hxg4 {[%clk 0:23:58]}  dxc4 {[%clk 1:05:39]} 24. Nxc4 {[%clk 0:23:27]}  Nxc4 {[%clk 1:05:59]} 25. Qxc4+ {[%clk 0:23:50]}  Kh8 {[%clk 1:06:28]} 26. Rxb7 {[%clk 0:21:43]}  Raa8 {[%clk 1:06:57]} 27. Qxc6 {[%clk 0:15:49]}  Qxg4 {[%clk 1:06:49]} 28. Qe4 {[%clk 0:14:41]}  Qg5 {[%clk 1:04:36]} 29. Rb5 {[%clk 0:10:32]}  Rae8 {[%clk 1:03:39]} 30. Qf4 {[%clk 0:10:06]}  Qd8 {[%clk 1:03:54]} 31. Re5 {[%clk 0:09:28]}  Qd7 {[%clk 1:04:02]} 32. d5 {[%clk 0:04:55]}  Rb8 {[%clk 1:03:02]} 33. Rfe1 {[%clk 0:03:59]}  Qd6 {[%clk 1:03:05]} 34. Qe3 {[%clk 0:03:02]}  Rbd8 {[%clk 1:01:52]} 35. Qg5 {[%clk 0:02:00]}  Qc5+ {[%clk 1:00:23]} 36. Kh1 {[%clk 0:02:17]}  Rd6 {[%clk 1:00:39]} 37. Re6 {[%clk 0:01:43]}  Qb4 {[%clk 0:56:51]} 38. f6 {[%clk 0:01:15]}  gxf6 {[%clk 0:57:04]} 39. Qh6 {[%clk 0:01:01]}  Rd7 {[%clk 0:56:38]} 40. Re8 {[%clk 0:00:32]}  Kg8 {[%clk 0:54:07]} 41. Rxf8+ {[%clk 0:00:42]}  Qxf8 {[%clk 0:54:33]} 42. Qh5 {[%clk 0:00:34]}  Re7 {[%clk 0:54:33]} 43. Qg4+ {[%clk 0:00:39]}  Kh8 {[%clk 0:54:48]} 44. Rxe7 {[%clk 0:00:43]}  Qxe7 {[%clk 0:55:14]} 45. Qc8+ {[%clk 0:00:48]}  Kg7 {[%clk 0:55:42]} 46. Qe6 {[%clk 0:00:35]}  Qxe6 {[%clk 0:55:51]} 47. dxe6 {[%clk 0:01:00]}  Kf8 {[%clk 0:56:17]} 48. Kh2 {[%clk 0:00:42]}  Ke7 {[%clk 0:56:44]} 49. Kg3 {[%clk 0:00:34]}  Kxe6 {[%clk 0:57:05]} 50. Kf4 {[%clk 0:00:42]}  Kd6 {[%clk 0:57:33]} 51. Bf1 {[%clk 0:00:35]}  Kc5 {[%clk 0:57:59]} 52. Ke3 {[%clk 0:00:38]}  Kb4 {[%clk 0:58:22]} 53. Kd2 {[%clk 0:00:32]}  Kxa4 {[%clk 0:58:41]} 54. Kc1 {[%clk 0:00:42]}  Kb3 {[%clk 0:59:07]} 55. Bg2 {[%clk 0:00:42]}  a4 {[%clk 0:59:32]} 56. Bd5+ {[%clk 0:00:37]}  Kc3 {[%clk 0:59:58]} 57. Be6 {[%clk 0:00:35]}  Bc2 {[%clk 1:00:22]} 58. Bd5 {[%clk 0:00:32]}  a3 {[%clk 1:00:45]} 59. Ba2 {[%clk 0:00:31]}  f5 {[%clk 1:01:10]} 60. Bd5 {[%clk 0:00:31]}  f4 {[%clk 1:01:34]} 0-1

[Event "9 Round Open"]
[Site "Enniscrone, Sligo, IE"]
[Date "2026.02.05"]
[Round "5"]
[White "Hushpit, Lukian"]
[Black "Morriss, Pete"]
[Result "1-0"]
[Board "8"]
[WhiteFideId "14189208"]
[BlackFideId "2500230"]
[WhiteElo "2100"]
[BlackElo "1931"]
[WhiteTeam "IRL"]
[BlackTeam "IRL"]
[WhiteClock "0:22:51"]
[BlackClock "0:01:46"]
[Variant "Standard"]

1. e4 {[%clk 1:30:59]}  c6 {[%clk 1:24:51]} 2. d4 {[%clk 1:31:17]}  d5 {[%clk 1:25:15]} 3. Nc3 {[%clk 1:31:42]}  dxe4 {[%clk 1:25:37]} 4. Nxe4 {[%clk 1:32:05]}  Nd7 {[%clk 1:25:53]} 5. c3 {[%clk 1:32:27]}  Ngf6 {[%clk 1:25:23]} 6. Nxf6+ {[%clk 1:32:46]}  Nxf6 {[%clk 1:25:30]} 7. Nf3 {[%clk 1:33:08]}  e6 {[%clk 1:17:19]} 8. Bd3 {[%clk 1:32:01]}  Bd6 {[%clk 1:15:03]} 9. O-O {[%clk 1:32:13]}  Qc7 {[%clk 1:12:55]} 10. Re1 {[%clk 1:31:00]}  Bd7 {[%clk 1:11:08]} 11. Ne5 {[%clk 1:29:26]}  c5 {[%clk 1:02:30]} 12. Nxd7 {[%clk 1:27:06]}  Qxd7 {[%clk 0:59:11]} 13. dxc5 {[%clk 1:24:52]}  Bxc5 {[%clk 0:56:44]} 14. Qe2 {[%clk 1:24:15]}  O-O {[%clk 0:52:06]} 15. Bg5 {[%clk 1:22:21]}  Be7 {[%clk 0:48:53]} 16. Rad1 {[%clk 1:20:42]}  Qc7 {[%clk 0:46:30]} 17. h3 {[%clk 1:18:06]}  Rfd8 {[%clk 0:34:13]} 18. Qf3 {[%clk 0:53:44]}  Rd5 {[%clk 0:25:02]} 19. Bf4 {[%clk 0:47:36]}  Bd6 {[%clk 0:22:45]} 20. Be3 {[%clk 0:46:51]}  Rd8 {[%clk 0:20:02]} 21. Bc2 {[%clk 0:46:01]}  b5 {[%clk 0:14:03]} 22. Bb3 {[%clk 0:38:03]}  Rf5 {[%clk 0:08:49]} 23. Qe2 {[%clk 0:38:07]}  Nd5 {[%clk 0:06:20]} 24. Bxd5 {[%clk 0:37:48]}  Rxd5 {[%clk 0:06:35]} 25. Rxd5 {[%clk 0:38:12]}  Bh2+ {[%clk 0:06:29]} 26. Kh1 {[%clk 0:38:23]}  Rxd5 {[%clk 0:06:22]} 27. Rd1 {[%clk 0:31:36]}  Rxd1+ {[%clk 0:02:00]} 28. Qxd1 {[%clk 0:31:50]}  Be5 {[%clk 0:02:21]} 29. Bxa7 {[%clk 0:32:11]}  g6 {[%clk 0:02:36]} 30. Be3 {[%clk 0:32:19]}  Qc4 {[%clk 0:02:32]} 31. Bh6 {[%clk 0:31:35]}  Qc7 {[%clk 0:02:56]} 32. Qd3 {[%clk 0:25:33]}  Qb8 {[%clk 0:02:35]} 33. a3 {[%clk 0:23:50]}  Bg7 {[%clk 0:02:41]} 34. Be3 {[%clk 0:23:14]}  Bf8 {[%clk 0:02:20]} 35. Qd7 {[%clk 0:21:59]}  Bd6 {[%clk 0:02:05]} 36. Bg5 {[%clk 0:21:42]}  Bc7 {[%clk 0:01:37]} 37. Bf6 {[%clk 0:21:26]}  h6 {[%clk 0:01:43]} 38. a4 {[%clk 0:20:47]}  bxa4 {[%clk 0:01:42]} 39. Qxa4 {[%clk 0:21:06]}  Be5 {[%clk 0:02:03]} 40. Bxe5 {[%clk 0:20:44]}  Qxe5 {[%clk 0:02:31]} 41. Qa8+ {[%clk 0:20:15]}  Kg7 {[%clk 0:02:46]} 42. Qf3 {[%clk 0:20:36]}  Qe1+ {[%clk 0:02:14]} 43. Kh2 {[%clk 0:21:01]}  e5 {[%clk 0:02:00]} 44. b4 {[%clk 0:21:12]}  f5 {[%clk 0:02:11]} 45. Qe3 {[%clk 0:20:54]}  Qf1 {[%clk 0:01:25]} 46. Qxe5+ {[%clk 0:21:19]}  Kf7 {[%clk 0:01:46]} 47. Qd5+ {[%clk 0:21:41]}  Kg7 {[%clk 0:02:07]} 48. Qd4+ {[%clk 0:22:06]}  Kh7 {[%clk 0:01:49]} 49. c4 {[%clk 0:22:30]}  Qe1 {[%clk 0:01:46]} 50. b5 {[%clk 0:22:51]} 1-0

[Event "9 Round Open"]
[Site "Enniscrone, Sligo, IE"]
[Date "2026.02.05"]
[Round "5"]
[White "O`Flaherty, Kevin"]
[Black "Fernandez Manrique, Agustin"]
[Result "0-1"]
[Board "9"]
[WhiteFideId "2502283"]
[BlackFideId "2231000"]
[BlackTitle "CM"]
[WhiteElo "1956"]
[BlackElo "2038"]
[WhiteTeam "IRL"]
[BlackTeam "ESP"]
[WhiteClock "0:01:00"]
[BlackClock "0:04:32"]
[Variant "Standard"]

1. d4 {[%clk 1:30:57]}  Nf6 {[%clk 1:30:45]} 2. Nf3 {[%clk 1:31:19]}  g6 {[%clk 1:30:58]} 3. Bg5 {[%clk 1:31:41]}  Bg7 {[%clk 1:31:08]} 4. c3 {[%clk 1:32:03]}  d6 {[%clk 1:25:51]} 5. Nbd2 {[%clk 1:31:39]}  c5 {[%clk 1:25:02]} 6. e3 {[%clk 1:30:43]}  O-O {[%clk 1:25:07]} 7. dxc5 {[%clk 1:21:10]}  dxc5 {[%clk 1:25:19]} 8. Bxf6 {[%clk 1:20:42]}  Bxf6 {[%clk 1:09:41]} 9. Ne4 {[%clk 1:20:14]}  Qb6 {[%clk 1:09:53]} 10. Nxf6+ {[%clk 1:16:57]}  Qxf6 {[%clk 1:02:11]} 11. Qd5 {[%clk 1:12:51]}  Qb6 {[%clk 1:02:06]} 12. O-O-O {[%clk 1:06:01]}  Be6 {[%clk 0:55:41]} 13. Qe4 {[%clk 1:03:55]}  Nd7 {[%clk 0:47:16]} 14. Ng5 {[%clk 0:51:24]}  Nf6 {[%clk 0:47:24]} 15. Qb1 {[%clk 0:49:34]}  Rfd8 {[%clk 0:44:29]} 16. Be2 {[%clk 0:46:32]}  Ng4 {[%clk 0:35:10]} 17. Rxd8+ {[%clk 0:38:57]}  Rxd8 {[%clk 0:35:29]} 18. Qe4 {[%clk 0:39:06]}  Nf6 {[%clk 0:32:04]} 19. Qa4 {[%clk 0:36:29]}  a6 {[%clk 0:27:22]} 20. Bc4 {[%clk 0:25:10]}  Bxc4 {[%clk 0:23:17]} 21. Qxc4 {[%clk 0:24:49]}  e6 {[%clk 0:18:36]} 22. Qf4 {[%clk 0:24:31]}  Kg7 {[%clk 0:18:37]} 23. e4 {[%clk 0:24:17]}  e5 {[%clk 0:14:33]} 24. Qxe5 {[%clk 0:22:38]}  h6 {[%clk 0:14:37]} 25. h4 {[%clk 0:20:11]}  Re8 {[%clk 0:14:49]} 26. Qf4 {[%clk 0:19:41]}  hxg5 {[%clk 0:13:54]} 27. hxg5 {[%clk 0:19:18]}  Nh5 {[%clk 0:13:41]} 28. Qe3 {[%clk 0:17:55]}  Qe6 {[%clk 0:11:52]} 29. Re1 {[%clk 0:16:32]}  b6 {[%clk 0:11:13]} 30. e5 {[%clk 0:12:53]}  Qxa2 {[%clk 0:10:24]} 31. Rd1 {[%clk 0:08:02]}  Qa1+ {[%clk 0:09:34]} 32. Kc2 {[%clk 0:08:30]}  Qa4+ {[%clk 0:09:57]} 33. Kc1 {[%clk 0:07:35]}  Qf4 {[%clk 0:09:45]} 34. Qxf4 {[%clk 0:07:55]}  Nxf4 {[%clk 0:10:13]} 35. g3 {[%clk 0:08:05]}  Ne6 {[%clk 0:10:01]} 36. f4 {[%clk 0:07:37]}  Rd8 {[%clk 0:09:51]} 37. Rxd8 {[%clk 0:05:31]}  Nxd8 {[%clk 0:10:12]} 38. Kd2 {[%clk 0:05:57]}  Kf8 {[%clk 0:09:06]} 39. Ke3 {[%clk 0:06:04]}  Ke7 {[%clk 0:09:26]} 40. Ke4 {[%clk 0:06:24]}  Kd7 {[%clk 0:06:12]} 41. g4 {[%clk 0:05:23]}  Ne6 {[%clk 0:06:18]} 42. f5 {[%clk 0:05:31]}  Nxg5+ {[%clk 0:04:46]} 43. Kf4 {[%clk 0:05:59]}  Nh3+ {[%clk 0:04:45]} 44. Kg3 {[%clk 0:06:16]}  Ng1 {[%clk 0:03:56]} 45. Kf2 {[%clk 0:06:13]}  gxf5 {[%clk 0:04:10]} 46. gxf5 {[%clk 0:06:30]}  Nh3+ {[%clk 0:04:30]} 47. Kg3 {[%clk 0:06:38]}  Ng5 {[%clk 0:04:40]} 48. Kf4 {[%clk 0:06:57]}  Nh7 {[%clk 0:04:07]} 49. c4 {[%clk 0:03:10]}  Nf8 {[%clk 0:03:30]} 50. Ke4 {[%clk 0:02:54]}  Kc6 {[%clk 0:03:51]} 51. b3 {[%clk 0:01:27]}  b5 {[%clk 0:04:10]} 52. cxb5+ {[%clk 0:01:00]}  axb5 {[%clk 0:04:32]} 0-1